Statistics for Biggest Cities in Tanzania Quiz

Click here to take the quiz!

General Stats

  • This quiz has been taken 17 times
  • The average score is 5 of 15

Answer Stats

Population City % Correct
410,956Dodoma
100%
4,364,541Dar es Salaam
93%
223,033Zanzibar
53%
416,442Arusha
47%
706,543Mwanza
40%
385,279Mbeya
33%
215,458Kigoma
33%
315,866Morogoro
27%
273,372Tanga
20%
226,999Tabora
20%
184,292Moshi
13%
242,208Kahama
7%
203,309Songea
7%
209,793Sumbawanga
0%
208,244Kasulu
0%

Score Distribution

Percentile by Number Answered

Percent of People with Each Score

Your Score History

You have not taken this quiz